000 00620nam a2200229Ia 4500
003 OSt
005 20220923225738.0
006 a|||||r|||| 00| 0
007 ta
008 Pun
024 _a274,392
037 _cTextual
040 _aARTS
_cARTS
_bPun
041 _2Pun
_aPun
082 _aO153,6NBHx, M2
100 _aਭਾਟੀਆ, ਸੁਰਜੀਤ ਸਿੰਘ
245 0 _aਵਿਅੰਗੜੀਆਂ
260 _c1982
650 _aਪੰਜਾਬੀ ਸਾਹਿਤ
942 _hO153,6NBHx, M2
_cTEXL
_2CC
999 _c380126
_d380126